000 00384nam a22001337a 4500
082 _a347.2
_bKHA
100 _aKharal, Ashfaq Ahmed
245 _aComprehensive and Exhaustive Commentary on the Partition Act, 1893/
_cAshfaq Ahmed Kharal.
260 _aLahore:
_bImran Law Book House,
_c2021.
300 _a340p. ;
563 _aHB
650 _aLaw
_935302
942 _2ddc
_cBK
999 _c612990
_d612990